Скорая медицинская помощь (Запись № 1670804)

Подробности
000 -МАРКЕР
контрольное поле 02211nam0a2200349 4500
001 - ИДЕНТИФИКАТОР ЗАПИСИ
контрольное поле RU\NLR\bibl\1483922
005 - ИДЕНТИФИКАТОР ВЕРСИИ
контрольное поле 20260407151045.0
010 ## - МЕЖДУНАРОДНЫЙ СТАНДАРТНЫЙ НОМЕР КНИГИ (ISBN)
Номер (ISBN) 978-5-904428-02-0
Тираж 3000
021 ## - НОМЕР ГОСУДАРСТВЕННОЙ РЕГИСТРАЦИИ
Код страны Российская Федерация
Номер 2010-2780
Номер Листа государственной регистраци 166
035 ## - ДРУГИЕ СИСТЕМНЫЕ НОМЕРА
Идентификатор записи (NLR Aleph) 001475546
100 ## - ДАННЫЕ ОБЩЕЙ ОБРАБОТКИ
Данные общей обработки 20100312d2010 |||y0rusy50 ca
101 0# - ЯЗЫК РЕСУРСА
Язык текста, звукозаписи и т.д. русский
102 ## - СТРАНА ПУБЛИКАЦИИ ИЛИ ПРОИЗВОДСТВА
Страна публикации Российская Федерация
105 ## - ПОЛЕ КОДИРОВАННЫХ ДАННЫХ: ТЕКСТОВЫЕ МАТЕРИАЛЫ, МОНОГРАФИЧЕСКИЕ
Кодированные данные о монографическом текстовом документе y |||||||||
200 1# - ЗАГЛАВИЕ И СВЕДЕНИЯ ОБ ОТВЕТСТВЕННОСТИ
Основное заглавие Скорая медицинская помощь
Сведения, относящиеся к заглавию тестовые задания
-- учебное пособие для врачей
-- для системы послевузовского и дополнительного профессионального образования врачей (УМО 17-29/492 от 14.12.2009)
Первые сведения об ответственности Гос. образоват. учреждение высш. проф. образования Моск. гос. мед.-стоматолог. ун-т Федер. агентства по здравоохранению и соц. развитию Рос. Федерации
Последующие сведения об ответственности [проф. В.Р. Абдрахманов и др.
-- под ред. С.Н. Терещенко и др.]
210 ## - ПУБЛИКАЦИЯ, РАСПРОСТРАНЕНИЕ И ДР.
Место издания, распространения и т.д. Москва
Имя издателя, распространителя и т. д. [б.и.]
Дата издания, распространения и т.д. 2010
215 ## - ФИЗИЧЕСКАЯ ХАРАКТЕРИСТИКА
Специфическое обозначение материала и объем 238, [1] c.
Размеры 21
320 ## - ПРИМЕЧАНИЯ О НАЛИЧИИ В ДОКУМЕНТЕ БИБЛИОГРАФИИ / УКАЗАТЕЛЯ
Текст примечания Библиогр.: с. 237-238
606 1# - НАИМЕНОВАНИЕ ТЕМЫ КАК ПРЕДМЕТ
Наименование темы Скорая помощь
Формальный подзаголовок Учебные издания для последипломного образования
Тематический подзаголовок Организация
Системный номер авторитетной/нормативной записи 2086370
Идентификатор авторитетной/нормативной записи RU\NLR\auth\661262503
606 1# - НАИМЕНОВАНИЕ ТЕМЫ КАК ПРЕДМЕТ
Наименование темы Неотложная терапия
Формальный подзаголовок Учебные издания для последипломного образования
Системный номер авторитетной/нормативной записи 926294
Идентификатор авторитетной/нормативной записи RU\NLR\auth\6621703
686 ## - ИНДЕКСЫ ДРУГИХ КЛАССИФИКАЦИЙ
Индекс Р11(2)232я77
686 ## - ИНДЕКСЫ ДРУГИХ КЛАССИФИКАЦИЙ
Индекс Р35,3я77
702 #1 - ИМЯ ЛИЦА - ВТОРИЧНАЯ ОТВЕТСТВЕННОСТЬ
Начальный элемент ввода Терещенко
Часть имени, кроме начального элемента ввода С. Н.
Расширение инициалов личного имени Сергей Николаевич
Код отношения Редактор
702 #1 - ИМЯ ЛИЦА - ВТОРИЧНАЯ ОТВЕТСТВЕННОСТЬ
Начальный элемент ввода Абдрахманов
Часть имени, кроме начального элемента ввода В. Р.
Дополнения к именам, кроме дат д-р мед. наук
Расширение инициалов личного имени Васил Рауфович
Системный номер авторитетной/нормативной записи 261762
Идентификатор авторитетной/нормативной записи RU\NLR\AUTH\770261818
712 02 - НАИМЕНОВАНИЕ ОРГАНИЗАЦИИ - ВТОРИЧНАЯ ОТВЕТСТВЕННОСТЬ
Код отношения Прочие
Начальный элемент ввода Московский государственный медико-стоматологический университет им. А. И. Евдокимова
Идентификатор авторитетной/нормативной записи RU\NLR\AUTH\8810025978
Системный номер авторитетной/нормативной записи 550184
801 #0 - ИСТОЧНИК ЗАПИСИ
Страна Российская Федерация
Организация NLR
Дата составления 20100312
Правила каталогизации RCR
801 #1 - ИСТОЧНИК ЗАПИСИ
Страна Российская Федерация
Организация NLR
Дата составления 20100312
942 ## - ДОПОЛНИТЕЛЬНЫЕ ЭЛЕМЕНТЫ ЗАПИСИ (АБИС)
Тип экземпляра АБИС Книга
980 ## - КОЛЛЕКЦИЯ
Название коллекции Национальная библиография
Экземпляры
Тип экземпляра Дата поступления Источник поступления Библиотека постоянного хранения Библиотека текущего хранения Место хранения Шифр хранения Штрих-код Статус экземпляра
Книга 12.03.2010 Обязательный экземпляр РНБ (Московский) РНБ (Московский) Русский книжный фонд: издания с 1957 года 2010-3/7708 3122914  
Книга 12.03.2010 Обязательный экземпляр РНБ (Московский) РНБ (Московский) Русский книжный фонд: издания с 1957 года 2010-3/7708 3122916